Tratamiento brindado por el equipo interdisciplinario de salud, a adultos mayores con deterioro cognitivo leve / (Record no. 7068)

MARC details
000 -LEADER
fixed length control field 01333nam a22002897a 4500
005 - DATE AND TIME OF LATEST TRANSACTION
control field 20250612145816.0
007 - PHYSICAL DESCRIPTION FIXED FIELD--GENERAL INFORMATION
fixed length control field cr
008 - FIXED-LENGTH DATA ELEMENTS--GENERAL INFORMATION
fixed length control field 210907e20210217ag |||||om||| 001 0 spa d
040 ## - CATALOGING SOURCE
Original cataloging agency AR-FvUNAJ
Transcribing agency AR-FvUNAJ
Description conventions aacr2
041 ## - LANGUAGE CODE
Language code of text/sound track or separate title spa
100 1# - MAIN ENTRY--PERSONAL NAME
9 (RLIN) 13222
Personal name Chocobar, Gabriel Fernando
245 10 - TITLE STATEMENT
Title Tratamiento brindado por el equipo interdisciplinario de salud, a adultos mayores con deterioro cognitivo leve /
Statement of responsibility, etc Gabriel Fernando Chocobar
260 ## - PUBLICATION, DISTRIBUTION, ETC. (IMPRINT)
Place of publication, distribution, etc Florencio Varela:
Name of publisher, distributor, etc Universidad Nacional Arturo Jauretche,
Date of publication, distribution, etc 2021
300 ## - PHYSICAL DESCRIPTION
Extent 104 p.
502 ## - DISSERTATION NOTE
Tipo de título Tesis para obtener el titulo de Licenciado/a.
Nombre de la institución que otorga el título Universidad Nacional Arturo Jauretche.
540 ## - TERMS GOVERNING USE AND REPRODUCTION NOTE
Terms governing use and reproduction Esta obra está bajo una Licencia Creative Commons Argentina. Reconocimiento – Compartir igual 4.0
Uniform Resource Identifier <a href="https://creativecommons.org/licenses/by-sa/4.0/">https://creativecommons.org/licenses/by-sa/4.0/</a>
630 #0 - SUBJECT ADDED ENTRY--UNIFORM TITLE
9 (RLIN) 11487
Uniform title Licenciatura en Kinesiología y Fisiatría
650 27 - SUBJECT ADDED ENTRY--TOPICAL TERM
Source of heading or term decs
9 (RLIN) 13225
Topical term or geographic name as entry element GRUPO DE ATENCION AL PACIENTE
650 27 - SUBJECT ADDED ENTRY--TOPICAL TERM
Source of heading or term decs
9 (RLIN) 13224
Topical term or geographic name as entry element DISFUNCION COGNITIVA
650 27 - SUBJECT ADDED ENTRY--TOPICAL TERM
Source of heading or term decs
9 (RLIN) 3095
Topical term or geographic name as entry element SALUD MENTAL
650 20 - SUBJECT ADDED ENTRY--TOPICAL TERM
Source of heading or term decs
9 (RLIN) 12816
Topical term or geographic name as entry element ADULTOS MAYORES
700 1# - ADDED ENTRY--PERSONAL NAME
9 (RLIN) 14531
Personal name Sombra, Victoria
Relator term Dirección
856 41 - ELECTRONIC LOCATION AND ACCESS
Uniform Resource Identifier <a href="https://rid.unaj.edu.ar/handle/123456789/2115">https://rid.unaj.edu.ar/handle/123456789/2115</a>
Electronic format type application/pdf
942 ## - ADDED ENTRY ELEMENTS (KOHA)
Source of classification or shelving scheme Dewey Decimal Classification
Item type Trabajo final de grado
980 ## - EQUIVALENCE OR CROSS-REFERENCE-SERIES STATEMENT--PERSONAL NAME/TITLE [LOCAL, CANADA]
Linkage 20072
Personal name Regueira
Field link and sequence number 20072
Miscellaneous information Matías Regueira
Holdings
Withdrawn status Lost status Source of classification or shelving scheme Damaged status Not for loan Collection code Home library Current library Date acquired Barcode Date last seen Uniform Resource Identifier Price effective from Koha item type
    Dewey Decimal Classification   Acceso en línea Instituto de Ciencias de la Salud Repositorio Institucional Digital UNAJ Repositorio Institucional Digital UNAJ 07/09/2021 RID21090003 07/09/2021 https://rid.unaj.edu.ar/handle/123456789/2115 07/09/2021 Trabajo final de grado

Lunes a Viernes 8:30 a 19:00 hs. Cerrado por mudanza
Av.Calchaqui 6200 Florencio Varela (CP188) 2°piso Edificio Mosconi Aula 209-210
Mail: bibliotecacentralunaj@gmail.com  
Whatsapp(54 9)1122668024    ❔Pregunte a la bibliotecaria
© Universidad Nacional Arturo Jauretche | Secretaría Académica | Biblioteca Central UNAJ